Central Library OPAC University of Rajshahi

Effect of Artificial Food Color on Embryonic Devlopment of Fish Model / (Record no. 82509)

MARC details
000 -LEADER
fixed length control field 01018nam a2200253 a 4500
001 - CONTROL NUMBER
RUCL Control Number 82509
003 - CONTROL NUMBER IDENTIFIER
rucl marc code BD-RjUL
005 - DATE AND TIME OF LATEST TRANSACTION
control field 20231220153955.0
008 - FIXED-LENGTH DATA ELEMENTS--GENERAL INFORMATION
fixed length control field 231220s2018 bg a|||| m||| 00| 0 eng d
035 ## - SYSTEM CONTROL NUMBER
system control number (BD-RjUL)82509
040 ## - CATALOGING SOURCE
Original cataloging agency BD-RjUL
Language of cataloging eng
Transcribing agency BD-RjUL
Modifying agency BD-RjUL
041 ## - LANGUAGE CODE
Language code of Book eng
082 ## - DEWEY DECIMAL CLASSIFICATION NUMBER
DDC Edition number 23
Classification number 641.308
Author mark and Year MIE 2018
100 ## - MAIN ENTRY--PERSONAL NAME
Personal name Mitu, Nahida Rahman
9 (RLIN) 10629
245 ## - TITLE STATEMENT
Title Effect of Artificial Food Color on Embryonic Devlopment of Fish Model /
Statement of responsibility, etc Nahida Rahman Mitu
Name of Supervisor/Co-Supervisor Supervisors : Md. Abu Reza & Zennat Ferdousi
260 ## - PUBLICATION, DISTRIBUTION, ETC. (IMPRINT)
Place of publication, distribution, etc Rajshahi :
Name of publisher, distributor, etc Department of Genetic Engineering and Biotechnilogy,University of Rajshahi
Date of publication, distribution, etc 2018
300 ## - PHYSICAL DESCRIPTION
Pagination [3], xx, 191 leaves :
Other physical details ill.;
Dimensions 29 cm.
502 ## - DISSERTATION NOTE
Dissertation note Thesis(M.Phil.)-- Department of Genetic Engineering and Biotechnilogy,University of Rajshahi,2018
504 ## - BIBLIOGRAPHY, ETC. NOTE
Bibliography, etc References : Leaves 169-191
650 ## - SUBJECT ADDED ENTRY--TOPICAL TERM
Topical term or geographic name as entry element Artificial foods
General subdivision Fish Model
Form subdivision Color
9 (RLIN) 10630
700 ## - ADDED ENTRY--SUPERVISOR/CO-SUPERVISOR NAME
Personal name Reza, Md. Abu, Supervisors
9 (RLIN) 10631
Personal name Ferdousi, Zennat, Supervisors
9 (RLIN) 10632
942 ## - ADDED ENTRY ELEMENTS (KOHA)
Source of classification or shelving scheme Dewey Decimal Classification
Koha item type Theses
Holdings
Source of classification or shelving scheme Damaged status Not for loan Collection code Permanent Location Current Location Shelving location Date of accession Source of acquisition Total Checkouts Full call number Barcode Date last seen Copy number Thesis
Dewey Decimal Classification   Not For Loan Theses Central Library, University of Rajshahi Central Library, University of Rajshahi Documentation Section 05/08/2019 Controller of Exam. R.U.   THE 641.308 MIE 2018 D4328 20/12/2023 C-1 Theses